000 00396nam a2200133Ia 4500
008 151001s9999||||xx |||||||||||||| ||und||
100 _aउषादेवी विजय कोल्हाटकर
245 _aत्रिशंकू
250 _a1
260 _bकल्पना बुक डिलर्स पुणे
260 _c1990
300 _a141
365 _b21
999 _c968109
_d968106